Responses for Show #5354 - Thursday, December 13, 2007

Contestants

[<< previous game]

Chris McCarthy, a technical support specialist from Brockton, Massachusetts

Rebecca Watt, a high school social studies teacher from Vienna, Virginia

Martha Rothman, a retired stockbroker from Barnegat, New Jersey (whose 1-day cash winnings total $32,801)

[next game >>]

Jeopardy! Round responses

ANIMALS
MEET THE ROBINSONS
CONVERT THE ROMAN NUMERALS
LOGOS
TWAIN TRACTS
(Alex: You have to give each work's title.)
"WOO" WOO!
    $200 26
rodents

Chris
    $200 16
Jackie Robinson

Chris
    $200 1
2001

Martha
    $200 11
Pillsbury

Rebecca
    $200 21
The Adventures of Tom Sawyer

Rebecca
    $200 4
woodwinds

Chris
    $400 27
(Martha: What is a, uh, seahorse?)

a sponge

MarthaChris
    $400 17
Bojangles

Chris
    $400 2
(Martha: What is... a hundred and... [buzzer] nine.)
(Alex: Sorry, took too long. Chris.)
(Chris: What is [*]?)
(Alex: Yes, PT-[*].)

109

MarthaChris
    $400 12
Mr. Peanut

Rebecca
    $400 22
A Connecticut Yankee in King Arthur's Court

Chris
    $400 5
a Wookiee

Chris
    $600 28
fighting fish

Triple Stumper
    $600 18
(Rebecca: Who is Jackie Robinson?)

Smokey Robinson

RebeccaChris
    $600 3
270

Rebecca
    $600 13
Wendy's

Chris
    $600 23
(Chris: What's The Jumping Frog of Calaveras County?)
(Alex: ...Nope, we're not gonna accept that.)

The Celebrated Jumping Frog of Calaveras County

Chris
Triple Stumper
    $600 6
woofer

Martha
    $800 29
sheep

Triple Stumper
    $800 19
Sugar Ray Robinson

Chris
    $800 9
(Martha: What is [laughing] [*]?)
(Alex: You got it! [Laughter] Something wrong with that clue?)
(Martha: I was wishing!)

36-24-36

Martha
    $800 14
Cracker Jacks

Martha
    $800 24
LIfe on the Mississippi

Martha
    $800 7
woozy

Martha
    $1000 30
coatimundi

Triple Stumper
    $1000 20
Edward G. Robinson

Martha
    $1000 10
1492

Rebecca
    $1,200 15
John Deere

Martha
    $1000 25
The Prince and the Pauper

Martha
    $1000 8
Virginia Woolf

Martha

Scores at the first commercial break (after clue 15):

Martha Rebecca Chris
$5,000 $2,200 $1,600

Scores at the end of the Jeopardy! Round:

Martha Rebecca Chris
$7,400 $1,800 $4,000

Double Jeopardy! Round responses

THE 15th CENTURY
POP CULTURE BEFORE & AFTER
WHAT A GEM!
EUROPEAN CUISINE
IT'S GREEK MYTH TO ME!
IN THE MIDDLE OF THE STATE
(Alex: We'll give you some letters in the middle of the state, and you have to name the state for us.)
    $400 11
(Martha: What is Jerusalem?)
...
(Alex: Entered [*]. And they got him after.)

London

Martha
Triple Stumper
    $400 6
Chris Rock Hudson

Chris
    $400 21
rubies

Chris
    $400 13
Hungary

Rebecca
    $400 22
the moon

Rebecca
    $400 1
Alabama

Rebecca
    $800 12
(Chris: What is Nicholas?)
(Rebecca: What is Peter?)

Ivan

MarthaRebeccaChris
    $800 7
"My Sweet Lord Of The Rings"

Chris
    $800 27
carats

Martha
    $800 14
beer

Rebecca
    $800 23
Narcissus

Rebecca
    $800 2
Michigan

Chris
    $1200 18
Prince Henry the Navigator

Chris
    $1200 8
"Baby Got Back In The U.S.S.R."

Chris
    $1200 28
an amethyst

Rebecca
    $1200 15
(Rebecca: What is Scotland?)
...
(Alex: Waterford crystal, yes.)

Ireland

RebeccaChris
    $1200 24
Hera

Rebecca
    $1200 3
California

Rebecca
    $1600 19
Constantine

Martha
    $1600 9
Private Benjamin Franklin

Chris
    $1600 29
sapphire

Triple Stumper
    $1600 16
dolmas (or dolmades)

Triple Stumper
    $5,000 25
(Alex: [*], the wife of Ulysses or Odysseus!)

Penelope

Rebecca
    $1600 4
Massachusetts

Chris
    $2000 20
(Alex: "The Very Rich Hours of [*]".)

the Duke of Berry

Triple Stumper
    $2000 10
Miami Vice Versa

Martha
    $2000 30
turquoise

Triple Stumper
    $2000 17
pfeffernuesse

Martha
    $2000 26
Hypnos

Chris
    $2,500 5
(Alex: That's right. Once you got the key, it became easier.)

South Carolina & South Dakota

Chris

Scores at the end of the Double Jeopardy! Round:

Martha Rebecca Chris
$14,200 $11,200 $16,900

[wagering suggestions for these scores]

Final Jeopardy! Round responses

AFRICAN RIVERS
(Alex: Sorry, the Zambezi flows east.)
RebeccaWhat is the Zambezi?
$5,400
MarthaWhat is the Zambezi?
$8,300
ChrisWhat is the Congo?
$11,501
the Congo

Final scores:

Martha Rebecca Chris
$5,900 $5,800 $28,401
2nd place: $2,000 3rd place: $1,000 New champion: $28,401

Game dynamics:

Coryat scores:

Martha Rebecca Chris
$14,000 $7,800 $16,400
15 R
(including 1 DD),
3 W
14 R
(including 1 DD),
3 W
22 R
(including 1 DD),
2 W

Combined Coryat: $38,200

[game clues] [game scores] [suggest correction]

Game tape date: 2007-08-29
The J! Archive is created by fans, for fans. Scraping, republication, monetization, and malicious use prohibited; this site may use cookies and collect identifying information. See terms. The Jeopardy! game show and all elements thereof, including but not limited to copyright and trademark thereto, are the property of Jeopardy Productions, Inc. and are protected under law. This website is not affiliated with, sponsored by, or operated by Jeopardy Productions, Inc. Join the discussion at JBoard.tv.